<?xml version="1.0" encoding="UTF-8"?>
<record
    xmlns:xsi="http://www.w3.org/2001/XMLSchema-instance"
    xsi:schemaLocation="http://www.loc.gov/MARC21/slim http://www.loc.gov/standards/marcxml/schema/MARC21slim.xsd"
    xmlns="http://www.loc.gov/MARC21/slim">

  <leader>01435nam a2200313 i 4500</leader>
  <controlfield tag="001">190290</controlfield>
  <controlfield tag="003">SpMaBN</controlfield>
  <controlfield tag="005">20250829133331.0</controlfield>
  <controlfield tag="008">201016s2016    sp a         |||| | spa d</controlfield>
  <datafield tag="020" ind1=" " ind2=" ">
    <subfield code="a">978-84-943935-8-7</subfield>
  </datafield>
  <datafield tag="080" ind1=" " ind2=" ">
    <subfield code="a">327.39(=134.2)</subfield>
  </datafield>
  <datafield tag="080" ind1=" " ind2=" ">
    <subfield code="a">930.85(460)</subfield>
  </datafield>
  <datafield tag="080" ind1=" " ind2=" ">
    <subfield code="a">929 Unamuno, Miguel de :32</subfield>
  </datafield>
  <datafield tag="080" ind1=" " ind2=" ">
    <subfield code="a">929 Mill&#xE1;n-Astray, Jos&#xE9; :32</subfield>
  </datafield>
  <datafield tag="100" ind1="1" ind2=" ">
    <subfield code="a">Hern&#xFA;&#xF1;ez, Pollux.</subfield>
    <subfield code="9">63123</subfield>
  </datafield>
  <datafield tag="245" ind1="1" ind2="1">
    <subfield code="a">"Vencer&#xE9;is, pero no convencer&#xE9;is" </subfield>
    <subfield code="b">: la &#xFA;ltima lecci&#xF3;n de Unamuno : recreaci&#xF3;n hist&#xF3;rica del acto celebrado en el Paraninfo de la Universidad de Salamanca el 12 de octubre de 1936 / </subfield>
    <subfield code="c">Pollux Hern&#xFA;&#xF1;ez.</subfield>
  </datafield>
  <datafield tag="250" ind1=" " ind2=" ">
    <subfield code="a">1&#xAA; ed.</subfield>
  </datafield>
  <datafield tag="260" ind1=" " ind2=" ">
    <subfield code="a">Paracuellos de Jarama (Madrid) : </subfield>
    <subfield code="b">Oportet, </subfield>
    <subfield code="c">2016.</subfield>
  </datafield>
  <datafield tag="300" ind1=" " ind2=" ">
    <subfield code="a">110 p. : </subfield>
    <subfield code="b">il. ; </subfield>
    <subfield code="c">21 cm.</subfield>
  </datafield>
  <datafield tag="504" ind1=" " ind2=" ">
    <subfield code="a">Bibliograf&#xED;a: p. [47]-49.</subfield>
  </datafield>
  <datafield tag="594" ind1=" " ind2=" ">
    <subfield code="a">El 12 de octubre de 1936, en el Paraninfo de la Universidad de Salamanca, Unamuno, flanqueado por Carmen Polo, el obispo Pla y Deniel, y el general Mill&#xE1;n Astray, se levant&#xF3; para protestar contra la sinraz&#xF3;n de la guerra.</subfield>
  </datafield>
  <datafield tag="600" ind1="1" ind2="4">
    <subfield code="a">Unamuno, Miguel de,</subfield>
    <subfield code="d">1864-1936-</subfield>
    <subfield code="x">Pensamiento pol&#xED;tico</subfield>
    <subfield code="9">111988</subfield>
  </datafield>
  <datafield tag="600" ind1="1" ind2="4">
    <subfield code="a">Mill&#xE1;n-Astray, Jos&#xE9;,</subfield>
    <subfield code="d">1879-1954</subfield>
    <subfield code="9">81140</subfield>
  </datafield>
  <datafield tag="650" ind1=" " ind2="7">
    <subfield code="a">Hispanidad</subfield>
    <subfield code="2">embne</subfield>
    <subfield code="9">139321</subfield>
  </datafield>
  <datafield tag="651" ind1=" " ind2="7">
    <subfield code="a">Espa&#xF1;a-</subfield>
    <subfield code="x">Civilizaci&#xF3;n-</subfield>
    <subfield code="y">S.XX.</subfield>
    <subfield code="9">8171</subfield>
  </datafield>
  <datafield tag="852" ind1=" " ind2=" ">
    <subfield code="a">ES-MaACL</subfield>
    <subfield code="j">A-14596</subfield>
    <subfield code="9">197495</subfield>
    <subfield code="b">R.151564</subfield>
    <subfield code="c">DEPO1</subfield>
    <subfield code="d">Olim: N-7596</subfield>
    <subfield code="h">Donaci&#xF3;n: Editorial </subfield>
  </datafield>
  <datafield tag="942" ind1=" " ind2=" ">
    <subfield code="2">udc</subfield>
  </datafield>
  <datafield tag="999" ind1=" " ind2=" ">
    <subfield code="c">190290</subfield>
    <subfield code="d">190290</subfield>
  </datafield>
  <datafield tag="952" ind1=" " ind2=" ">
    <subfield code="0">0</subfield>
    <subfield code="1">0</subfield>
    <subfield code="2">udc</subfield>
    <subfield code="4">0</subfield>
    <subfield code="7">0</subfield>
    <subfield code="a">ATENEOM</subfield>
    <subfield code="b">ATENEOM</subfield>
    <subfield code="c">DEPO1</subfield>
    <subfield code="d">2005-06-20</subfield>
    <subfield code="e">DONACION</subfield>
    <subfield code="l">0</subfield>
    <subfield code="o">A-14596</subfield>
    <subfield code="p">1202191</subfield>
    <subfield code="r">2023-02-23 00:00:00</subfield>
    <subfield code="w">2023-02-23</subfield>
    <subfield code="y">MONOGRAFIA</subfield>
  </datafield>
</record>
